[Event "Amber 2007 Rapid"]
[Site "Monte Carlo MNC"]
[Date "2007.03.18"]
[Round "2"]
[White "Radjabov, T."]
[Black "Anand, V."]
[Result "0-1"]
[WhiteElo "2729"]
[BlackElo "2779"]
[PlyCount "106"]
[EventDate "2007.03.17"]
[Source "www.chesslib.no"]
[SourceDate "2004.05.04"]

1. d4 Nf6 2. c4 e6 3. Nc3 Bb4 4. a3 Bxc3+ 5. bxc3 c5 6. e3 d6 7. Bd3 Nc6 8. Ne2 b6 9. e4 Na5 10. O-O O-O 11. Bg5 h6 12. Bh4 g5 13. Bg3 Nh5 14. f4 f5 15. Qc2 g4 16. Rad1 Ng7 17. Bf2 Qc7 18. Ng3 h5 19. Rfe1 Qf7 20. e5 dxe5 21. Rxe5 Nc6 22. Ree1 Qc7 23. d5 Nd8 24. Ne2 Qe7 25. Ng3 Qf6 26. Nf1 Nf7 27. dxe6 Bxe6 28. Ne3 Rad8 29. Bf1 Rxd1 30. Rxd1 h4 31. Nd5 Bxd5 32. cxd5 Nd6 33. Bd3 Nh5 34. g3 Re8 35. c4 Kf7 36. Qa4 Re7 37. Qc6 hxg3 38. hxg3 Ng7 39. a4 Nge8 40. a5 Qb2 41. axb6 Qb3 42. Rd2 axb6 43. Bf1 Ne4 44. d6 Nxd2 45. Qd5+ Kf6 46. Qxd2 Rd7 47. Qd5 Nxd6 48. Qe5+ Kf7 49. Qd5+ Ke7 50. Qe5+ Kd8 51. Qh8+ Kc7 52. Qa8 Qb1 53. Qa7+ Nb7 0-1

[Event "Tilburg"]
[Site "?"]
[Date "1997.??.??"]
[Round "?"]
[White "Kasparov, Garry"]
[Black "Polgar, Judit"]
[Result "1-0"]
[WhiteElo "2820"]
[BlackElo "2670"]
[PlyCount "63"]
[EventDate "1997.??.??"]
[Source "ChessBase"]
[SourceDate "1997.06.01"]

1. c4 e6 2. Nc3 d5 3. d4 Bb4 4. e3 c5 5. a3 Bxc3+ 6. bxc3 Nf6 7. cxd5 exd5 8. f3 c4 9. Ne2 Nc6 10. g4 h6 11. Bg2 Na5 12. O-O Nb3 13. Ra2 O-O 14. Ng3 Bd7 15. Qe1 Re8 16. e4 dxe4 17. fxe4 Nxg4 18. Bf4 Qh4 19. h3 Nf6 20. e5 Rad8 21. Qf2 Nh5 22. Bxh6 Re7 23. Nf5 Qxf2+ 24. Rfxf2 Re6 25. Be3 Bc6 26. Bf1 f6 27. Bxc4 Bd5 28. Be2 fxe5 29. Bxh5 exd4 30. Bg5 Rd7 31. Rae2 Be4 32. Nxd4 1-0

[Event "otb"]
[Site "otb"]
[Date "2007.04.15"]
[Round "1.2"]
[White "Georgiev Kiril"]
[Black "Socko Bartosz"]
[Result "1-0"]
[WhiteElo "2660"]
[BlackElo "2641"]
[PlyCount "75"]
[Source "www.chesslib.no"]
[SourceDate "2004.05.04"]

1. c4 Nf6 2. d4 e6 3. Nc3 Bb4 4. e3 c5 5. a3 Bxc3+ 6. bxc3 d6 7. Bd3 O-O 8. e4 e5 9. d5 Ne8 10. g4 Na6 11. h4 Nac7 12. a4 Bd7 13. f3 b6 14. Ne2 a6 15. Ng3 b5 16. g5 Rb8 17. h5 Na8 18. a5 Nac7 19. g6 fxg6 20. hxg6 hxg6 21. cxb5 Nxb5 22. Bd2 c4 23. Be2 Nf6 24. Qc1 Qc7 25. Be3 Rb7 26. Ra2 Rfb8 27. Kf2 Na7 28. Bb6 Qc8 29. Kg2 Be8 30. Qe3 Nb5 31. Rh4 Nd7 32. Ra1 Nxb6 33. axb6 Qc5 34. Qxc5 dxc5 35. Bxc4 Rxb6 36. d6+ Bf7 37. Rh8+ Kxh8 38. Bxf7 1-0

[Event "Calviá ol (Men)"]
[Site "Mallorca"]
[Date "2004.10.18"]
[Round "4.18"]
[White "Ehlvest, Jaan"]
[Black "Sadvakasov, Darmen"]
[Result "1/2-1/2"]
[WhiteElo "2631"]
[BlackElo "2631"]
[PlyCount "64"]
[EventDate "2004.10.15"]
[Source "Roberto Alvarez"]
[SourceDate "2004.10.25"]

1. d4 Nf6 2. c4 e6 3. Nc3 Bb4 4. e3 c5 5. a3 Bxc3+ 6. bxc3 Nc6 7. Bd3 b6 8. e4 d5 9. cxd5 exd5 10. e5 Ne4 11. Ne2 Qh4 12. O-O O-O 13. Qe1 cxd4 14. cxd4 Ng5 15. Bxg5 Qxg5 16. f4 Qe7 17. Qb1 Kh8 18. Qb5 Bb7 19. Rf3 f5 20. Rc1 Nd8 21. Bb1 Ne6 22. Rfc3 Rad8 23. Bd3 g6 24. Qa4 a6 25. g3 Kg7 26. Kf2 h5 27. Ng1 b5 28. Qa5 Rc8 29. Rxc8 Rxc8 30. Rxc8 Bxc8 31. Ne2 Qc7 32. Qxc7+ Nxc7 1/2-1/2

[Event "Poikovsky 81/437"]
[Site "?"]
[Date "2001.??.??"]
[Round "?"]
[White "Georgiev, Ki"]
[Black "Mitkov, N."]
[Result "1-0"]
[WhiteElo "2676"]
[BlackElo "2578"]
[PlyCount "123"]
[EventDate "2001.??.??"]
[Source "Chess Informant"]
[SourceDate "2001.02.01"]

1. c4 e6 2. Nc3 d5 3. d4 Bb4 4. e3 Nf6 5. a3 Bxc3+ 6. bxc3 c5 7. cxd5 exd5 8. Bd3 Bg4 9. Ne2 Bh5 10. O-O Nbd7 11. f3 Bg6 12. Nf4 Qc7 13. e4 dxe4 14. fxe4 cxd4 15. Nxg6 hxg6 16. Bf4 Qc5 17. e5 dxc3+ 18. Kh1 Nd5 19. e6 N7f6 20. exf7+ Kxf7 21. Qb1 b6 22. Bxg6+ Kg8 23. Qa2 Rc8 24. Bg5 Qc4 25. Qc2 Qc7 26. h3 Qe5 27. Bxf6 gxf6 28. Rae1 Qg5 29. Bf5 Rc5 30. Qa4 Kg7 31. Bc2 Rc7 32. Rf5 Qg3 33. Re4 Ne3 34. Rxe3 Qxe3 35. Qg4+ Kf7 36. Bb3+ Ke8 37. Qg6+ Kd7 38. Qg7+ Qe7 39. Qxh8 c2 40. Ba4+ Ke6 41. Bxc2 Rxc2 42. Rf1 Rc5 43. Qg8+ Qf7 44. Qg4+ f5 45. Qd4 Rd5 46. Re1+ Kd7 47. Qc4 Kd6 48. a4 f4 49. Rf1 Rf5 50. Rd1+ Rd5 51. Qb4+ Ke5 52. Re1+ Kf5 53. Re7 Qg8 54. Qb1+ Kg5 55. Rxa7 f3 56. gxf3 Kf4 57. Re7 Qg5 58. Qe4+ Kg3 59. Qe1+ Kxf3 60. Rf7+ Rf5 61. Qf1+ Ke4 62. Qxf5+ 1-0

[Event "Ptuj (zt)"]
[Site "?"]
[Date "1995.??.??"]
[Round "?"]
[White "Kortchnoi, V."]
[Black "Luther, Th"]
[Result "1-0"]
[WhiteElo "2635"]
[BlackElo "2550"]
[PlyCount "79"]
[EventDate "1995.??.??"]
[Source "ChessBase"]
[SourceDate "1995.06.01"]

1. c4 e6 2. Nc3 d5 3. d4 Bb4 4. a3 Bxc3+ 5. bxc3 c5 6. e3 Nf6 7. cxd5 Qxd5 8. Nf3 O-O 9. Bd3 b6 10. c4 Qh5 11. O-O Bb7 12. Be2 Nbd7 13. Ne5 Qg5 14. Bf3 Bxf3 15. Nxf3 Qf5 16. Qe2 Rac8 17. Bb2 cxd4 18. Nxd4 Qc5 19. Rac1 e5 20. Nf5 e4 21. Ng3 Rfe8 22. Bd4 Qg5 23. f3 Nc5 24. Rcd1 exf3 25. Qxf3 Re6 26. Nf5 Nce4 27. h4 Qg6 28. Bxf6 Qxf6 29. Qg4 Rce8 30. Nd6 Rxd6 31. Rxf6 Nxf6 32. Qf3 Rxd1+ 33. Qxd1 h5 34. Qd6 Ng4 35. g3 g6 36. Qd7 Rxe3 37. Qxa7 Rxg3+ 38. Kf1 Rb3 39. Ke2 Kg7 40. c5 1-0

[Event "32nd World Open"]
[Site "Philadelphia"]
[Date "2004.07.05"]
[Round "8"]
[White "Ehlvest, Jaan"]
[Black "Ivanov, Alexander"]
[Result "1/2-1/2"]
[WhiteElo "2605"]
[BlackElo "2565"]
[PlyCount "41"]
[EventDate "2004.07.01"]
[Source "Roberto Alvarez"]
[SourceDate "2004.07.12"]

1. d4 Nf6 2. c4 e6 3. Nc3 Bb4 4. e3 c5 5. a3 Bxc3+ 6. bxc3 b6 7. Bd3 Bb7 8. f3 Nc6 9. Ne2 Rc8 10. e4 cxd4 11. cxd4 Na5 12. e5 Ng8 13. O-O Ne7 14. Nc3 Nxc4 15. Nb5 a6 16. Bxc4 axb5 17. Bxb5 O-O 18. Bg5 h6 19. Bh4 d6 20. Qa4 dxe5 21. dxe5 1/2-1/2

[Event "Aeroflot Open"]
[Site "Moscow"]
[Date "2004.02.24"]
[Round "8"]
[White "Khalifman, Alexander"]
[Black "Meister, Yakov"]
[Result "1-0"]
[WhiteElo "2674"]
[BlackElo "2488"]
[PlyCount "105"]
[EventDate "2004.02.17"]
[Source "Roberto Alvarez"]
[SourceDate "2004.03.01"]

1. d4 d5 2. c4 e6 3. Nc3 Bb4 4. e3 Nf6 5. a3 Bxc3+ 6. bxc3 c5 7. cxd5 Qxd5 8. f3 cxd4 9. cxd4 e5 10. e4 Qxd4 11. Qxd4 exd4 12. Ne2 Nc6 13. Bb2 O-O 14. Nxd4 Nxd4 15. Bxd4 Rd8 16. Be3 Be6 17. Be2 a6 18. Kf2 b5 19. Rhc1 Ne8 20. Rc6 Bd7 21. Rb6 Rdb8 22. Rc1 Rxb6 23. Bxb6 Rc8 24. Rxc8 Bxc8 25. Bc5 Nc7 26. Ke3 Ne6 27. Bd6 f6 28. f4 g6 29. g4 Kg7 30. h4 Bd7 31. Bb4 h6 32. Bd1 Kh7 33. f5 Ng7 34. Bb3 gxf5 35. gxf5 Ne8 36. Kd4 Ng7 37. Bd5 Nh5 38. Ke3 Be8 39. Be1 Kg7 40. Bb7 Kf7 41. Bd5+ Kg7 42. Kf3 Kh7 43. Bc3 Kg7 44. Kg4 Kf8 45. Bb4+ Kg7 46. Bb7 Kh7 47. Bxa6 Ng7 48. Bc3 Nh5 49. Bb7 Kg7 50. Bd5 Kf8 51. Bb4+ Kg7 52. Bd6 Kh7 53. Kf3 1-0

[Event "Corus C"]
[Site "Wijk aan Zee OLA"]
[Date "2009.01.25"]
[Round "8"]
[White "Hillarp Persson, T."]
[Black "Leon Hoyos, M."]
[Result "1-0"]
[WhiteElo "2586"]
[BlackElo "2542"]
[PlyCount "87"]
[EventDate "2009.01.17"]
[Source "www.chesslib.no"]
[SourceDate "2004.05.04"]

1. d4 Nf6 2. c4 e6 3. Nc3 Bb4 4. e3 c5 5. Bd3 Nc6 6. a3 Bxc3+ 7. bxc3 b6 8. e4 d6 9. Ne2 e5 10. O-O h6 11. f4 Bg4 12. d5 Ne7 13. h3 Bxe2 14. Qxe2 Ng6 15. Bc2 a6 16. Ba4+ b5 17. cxb5 Qa5 18. Qc4 O-O 19. bxa6 Rxa6 20. Bc6 Rb6 21. a4 Rfb8 22. Be3 Rb2 23. f5 Nf4 24. Bxf4 exf4 25. Rxf4 Rc2 26. Bb5 Rxc3 27. Qe2 Rb3 28. Rd1 Qb4 29. Qe1 Qa3 30. Rf2 Re3 31. Re2 Rxe2 32. Qxe2 Qb3 33. Re1 Rd8 34. a5 Rb8 35. Bc6 c4 36. e5 dxe5 37. Qxe5 c3 38. Rc1 c2 39. Rxc2 Kh7 40. Rc1 Rb4 41. Qc3 Qxc3 42. Rxc3 Rb1+ 43. Kh2 Ra1 44. d6 1-0

[Event "EU-chT (Men)"]
[Site "Bath"]
[Date "1973.??.??"]
[Round "1"]
[White "Szabo, Laszlo"]
[Black "Gheorghiu, Florin"]
[Result "1-0"]
[WhiteElo "2565"]
[BlackElo "2550"]
[PlyCount "83"]
[EventDate "1973.??.??"]
[Source "ChessBase"]

1. d4 Nf6 2. c4 e6 3. Nc3 Bb4 4. e3 c5 5. a3 Bxc3+ 6. bxc3 Nc6 7. Ne2 b6 8. Ng3 O-O 9. e4 Ne8 10. Be3 Qe7 11. dxc5 bxc5 12. Be2 Rb8 13. O-O f6 14. Qa4 Nc7 15. Rfd1 Na8 16. Rd2 Rb6 17. Rad1 Ra6 18. Qb3 Nb6 19. Bf4 Ne5 20. Qb5 Rxa3 21. Be3 Na4 22. Qb8 Nc6 23. Qc7 Nxc3 24. Rxd7 Nxe2+ 25. Kf1 Bxd7 26. Rxd7 Ned4 27. Bxd4 Nxd4 28. f3 Ra1+ 29. Kf2 Ra2+ 30. Kg1 Qxd7 31. Qxd7 Rb8 32. h4 h6 33. Kh2 Nxf3+ 34. Kh3 Ng1+ 35. Kh2 Nf3+ 36. Kh3 Ng1+ 37. Kh2 Rb1 38. Nh5 Nf3+ 39. Kg3 Rxg2+ 40. Kxg2 Nxh4+ 41. Kg3 Rg1+ 42. Kxh4 1-0

[Event "Bundesliga 9394"]
[Site "Germany"]
[Date "1994.??.??"]
[Round "?"]
[White "Hort, Vlastimil"]
[Black "Piskov, Yury"]
[Result "1-0"]
[WhiteElo "2535"]
[BlackElo "2550"]
[PlyCount "69"]
[EventDate "1993.10.??"]
[Source "ChessBase"]
[SourceDate "1999.07.01"]

1. d4 d5 2. c4 e6 3. Nc3 Bb4 4. e3 Nf6 5. a3 Bxc3+ 6. bxc3 c5 7. Bd3 Qc7 8. Ne2 O-O 9. cxd5 exd5 10. f3 Re8 11. O-O b6 12. Ng3 Ba6 13. Ra2 cxd4 14. cxd4 Bc4 15. Re2 Nc6 16. Bb2 b5 17. e4 Qb6 18. Kh1 Ne7 19. e5 Nd7 20. f4 a5 21. f5 f6 22. Nh5 Nc6 23. Rfe1 Kh8 24. e6 Ndb8 25. Re3 Ra7 26. Rh3 Bxd3 27. Qxd3 Ne7 28. Qf3 Qd8 29. Ng3 Rg8 30. Nh5 Qf8 31. Bc1 Nbc6 32. Rh4 b4 33. Qh3 Nc8 34. Nf4 bxa3 35. Ng6# 1-0

[Event "Corr"]
[Site "?"]
[Date "1996.11.01"]
[Round "?"]
[White "Kilgour David A.(SCO)"]
[Black "Carleton John Joseph (ENG)"]
[Result "1-0"]
[WhiteElo "2580"]
[BlackElo "2465"]
[PlyCount "97"]
[EventDate "1996.??.??"]
[Source "www.chesslib.no"]
[SourceDate "2004.05.04"]

1. d4 d5 2. c4 e6 3. Nc3 Bb4 4. a3 Bxc3+ 5. bxc3 c5 6. e3 Nf6 7. cxd5 Qxd5 8. Nf3 O-O 9. Bd3 c4 10. Be2 b5 11. a4 a6 12. O-O Bb7 13. axb5 axb5 14. Rxa8 Bxa8 15. Ba3 Re8 16. Qc2 Nbd7 17. Rd1 Nb6 18. Bf1 Na4 19. Rb1 Ne4 20. Bb4 Rc8 21. Ra1 Qf5 22. Ra3 h6 23. Ne5 f6 24. Nxc4 Bd5 25. Nb2 Nxb2 26. Qxb2 Bc4 27. Bxc4 bxc4 28. Qc2 Qh5 29. f3 Ng5 30. Ra7 Rd8 31. Qe2 Kh8 32. Qxc4 e5 33. Qf1 exd4 34. exd4 Ne6 35. Qe1 Re8 36. Qg3 Qf5 37. h3 Ng5 38. h4 Qb1+ 39. Kh2 Re1 40. Qb8+ Kh7 41. hxg5 Rh1+ 42. Kg3 Qe1+ 43. Kf4 Qh4+ 44. Kf5 Qxg5+ 45. Ke6 Re1+ 46. Kd7 Qxg2 47. Qf4 Qg6 48. Kd6 h5 49. Kc5 1-0

[Event "Gothenburg"]
[Site "Gothenburg"]
[Date "1971.??.??"]
[Round "9"]
[White "Szabo, Laszlo"]
[Black "Andersson, Ulf"]
[Result "1/2-1/2"]
[WhiteElo "2525"]
[BlackElo "2510"]
[PlyCount "74"]
[EventDate "1971.07.??"]
[Source "ChessBase"]

1. d4 Nf6 2. c4 e6 3. Nc3 Bb4 4. a3 Bxc3+ 5. bxc3 c5 6. e3 Nc6 7. Ne2 d6 8. Ng3 e5 9. d5 Ne7 10. Bd3 Bd7 11. Rb1 Rb8 12. e4 h6 13. f4 Ng6 14. f5 Nf4 15. Bxf4 exf4 16. Ne2 Ng4 17. Nxf4 Qg5 18. g3 Ne5 19. Be2 g6 20. fxg6 fxg6 21. Qd2 h5 22. Nd3 Qxd2+ 23. Kxd2 Nxc4+ 24. Kc1 Bg4 25. Bxg4 hxg4 26. Nf2 Ne5 27. Kd2 O-O 28. Ke2 Rf7 29. h3 Rbf8 30. Nxg4 Nxg4 31. hxg4 Re8 32. Ke3 Rfe7 33. Kf3 Rf7+ 34. Ke3 Rfe7 35. Kf3 b6 36. Rh6 Kg7 37. g5 Rxe4 1/2-1/2

[Event "It (Men) Gausdal NOR"]
[Site "?"]
[Date "2006.04.25"]
[Round "3"]
[White "Porper Eduard"]
[Black "Romanishin Oleg M"]
[Result "1/2-1/2"]
[WhiteElo "2469"]
[BlackElo "2552"]
[PlyCount "59"]
[EventDate "2006.??.??"]
[Source "www.chesslib.no"]
[SourceDate "2004.05.04"]

1. d4 Nf6 2. c4 e6 3. Nc3 Bb4 4. a3 Bxc3+ 5. bxc3 c5 6. e3 Qa5 7. Bd2 Ne4 8. Bd3 Nxd2 9. Qxd2 d6 10. Nf3 cxd4 11. cxd4 Nc6 12. Qxa5 Nxa5 13. Nd2 Bd7 14. Ke2 Ke7 15. Rhc1 Rac8 16. Rc3 Ba4 17. Rac1 b6 18. h4 h6 19. Ne4 f5 20. Ng3 Bd7 21. d5 Rhf8 22. dxe6 Bxe6 23. Nh5 g5 24. hxg5 hxg5 25. f4 g4 26. Ng3 Rf7 27. Kf2 Rh8 28. Ne2 Nb7 29. Nd4 Nc5 30. Ra1 1/2-1/2

[Event "Tan Cup"]
[Site "Beijing"]
[Date "1995.??.??"]
[Round "7"]
[White "Alterman, Boris"]
[Black "Li Wenliang"]
[Result "1/2-1/2"]
[WhiteElo "2595"]
[BlackElo "2425"]
[PlyCount "150"]
[EventDate "1995.08.??"]
[Source "ChessBase"]

1. c4 e6 2. Nc3 d5 3. d4 Bb4 4. e3 Nf6 5. a3 Bxc3+ 6. bxc3 c5 7. cxd5 Qxd5 8. Nf3 O-O 9. c4 Qd6 10. Be2 b6 11. O-O Bb7 12. a4 Nbd7 13. a5 Qc7 14. Bb2 Rfd8 15. h3 Rac8 16. axb6 axb6 17. Rc1 Bc6 18. Qb3 Qb7 19. Rfd1 h6 20. Ne1 Rb8 21. dxc5 bxc5 22. Qxb7 Bxb7 23. Bc3 Ra8 24. Nd3 Be4 25. Ne5 Nxe5 26. Bxe5 Ne8 27. f3 Rxd1+ 28. Rxd1 Bc6 29. e4 Nf6 30. Rd6 Rc8 31. Bg3 Nd7 32. e5 Kf8 33. f4 Ke8 34. Bf2 Bb7 35. Rd2 Ra8 36. Kh2 Bc6 37. h4 Ra5 38. h5 Ra1 39. Bh4 Ra8 40. Rd6 Bb7 41. Rd2 Ra1 42. Bd3 f6 43. Re2 Ke7 44. f5 Ra6 45. Re1 Nf8 46. exf6+ gxf6 47. Bf2 Nd7 48. Be3 Ne5 49. Bxc5+ Kf7 50. Bf1 exf5 51. Bd4 Be4 52. c5 Ra4 53. Bc3 Ke6 54. Rc1 Bc6 55. Rd1 Bd5 56. Kg1 Ra3 57. Bd2 Ng4 58. Bf4 Rc3 59. Rc1 Rxc1 60. Bxc1 Kd7 61. Bb5+ Bc6 62. Be2 Bd5 63. Bb5+ Bc6 64. Bc4 Be4 65. Bf7 Kc6 66. Ba3 f4 67. Be8+ Kb7 68. Bc1 Bc6 69. Bg6 f3 70. gxf3 Bxf3 71. Bf4 Kc6 72. Bd6 Kd7 73. Bf5+ Kc6 74. Bf8 Kc7 75. Bg6 f5 1/2-1/2

[Event "Saltsjobaden"]
[Site "?"]
[Date "1987.??.??"]
[Round "?"]
[White "Sokolov, I."]
[Black "Inkiov, V."]
[Result "1/2-1/2"]
[WhiteElo "2525"]
[BlackElo "2485"]
[PlyCount "45"]
[EventDate "1987.??.??"]
[Source "ChessBase"]
[SourceDate "1988.01.01"]

1. d4 d5 2. c4 e6 3. Nc3 Bb4 4. e3 Nf6 5. a3 Bxc3+ 6. bxc3 c5 7. cxd5 exd5 8. Bd3 Qa5 9. Ne2 cxd4 10. exd4 O-O 11. O-O Nc6 12. f3 h6 13. Bf4 Re8 14. Qd2 Qd8 15. Ng3 Ne7 16. Bxh6 gxh6 17. Qxh6 Ng6 18. Bxg6 fxg6 19. Qxg6+ Kh8 20. Nh5 Nxh5 21. Qxh5+ Kg7 22. Rae1 Bd7 23. Qxd5 1/2-1/2

[Event "Balatonlelle"]
[Site "?"]
[Date "2006.07.15"]
[Round "4"]
[White "Berczes David"]
[Black "Brkic Ante"]
[Result "1/2-1/2"]
[WhiteElo "2461"]
[BlackElo "2547"]
[PlyCount "87"]
[EventDate "2006.??.??"]
[Source "www.chesslib.no"]
[SourceDate "2004.05.04"]

1. d4 Nf6 2. c4 e6 3. Nc3 Bb4 4. e3 c5 5. a3 Bxc3+ 6. bxc3 d6 7. Bd3 Nc6 8. Ne2 Na5 9. e4 Nd7 10. O-O b6 11. Ng3 Qe7 12. f4 Ba6 13. e5 Bxc4 14. Ne4 O-O 15. Nxd6 Bxd3 16. Qxd3 Rab8 17. f5 f6 18. fxe6 Qxe6 19. Nf5 Nb3 20. Bh6 Nxa1 21. Bxg7 fxe5 22. d5 Qe8 23. Bxf8 Nxf8 24. Rxa1 e4 25. Qg3+ Ng6 26. Rf1 Qe5 27. Qxe5 Nxe5 28. Re1 Rf8 29. Nh6+ Kg7 30. Rxe4 Ng6 31. Ng4 Rd8 32. Ne3 b5 33. Re6 Nf4 34. Re7+ Kg6 35. Re5 Ne2+ 36. Kf1 Nxc3 37. Re6+ Kf7 38. Rc6 Nxd5 39. Nxd5 Rxd5 40. Rc7+ Kg6 41. Rxa7 Rd2 42. Ra5 Rb2 43. a4 bxa4 44. Rb5 1/2-1/2

[Event "Bogny sur Meuse (France)"]
[Site "?"]
[Date "2005.07.21"]
[Round "7"]
[White "Bricard Emmanuel"]
[Black "Miezis Normunds"]
[Result "1-0"]
[WhiteElo "2457"]
[BlackElo "2527"]
[PlyCount "99"]
[EventDate "2005.??.??"]
[Source "www.chesslib.no"]
[SourceDate "2004.05.04"]

1. d4 Nf6 2. c4 e6 3. Nc3 Bb4 4. a3 Bxc3+ 5. bxc3 c5 6. e3 d6 7. Bd3 Nc6 8. Ne2 e5 9. O-O Qe7 10. Ng3 h5 11. d5 Nd8 12. e4 h4 13. Nf5 Bxf5 14. exf5 Nd7 15. f6 Nxf6 16. Bg5 Qd7 17. f4 e4 18. Bxf6 gxf6 19. Bxe4 Kf8 20. Qc2 Rh5 21. Rae1 b6 22. Re3 Nb7 23. Bf3 Rh8 24. Rfe1 Na5 25. Qe2 Qf5 26. Be4 Qxf4 27. Bd3 Qg5 28. Rf1 Qh5 29. Qf2 Rh6 30. Rf3 Qg5 31. Rxf6 Rxf6 32. Qxf6 Qxf6 33. Rxf6 Ke7 34. Rh6 b5 35. cxb5 c4 36. Be2 a6 37. bxa6 Rxa6 38. Rxh4 Rb6 39. Bxc4 Rb1+ 40. Kf2 Rc1 41. Be2 Rxc3 42. a4 Rc2 43. Rb4 Kf6 44. h4 Ke5 45. h5 f5 46. h6 Rc7 47. g4 fxg4 48. Bd3 Rc8 49. h7 Rh8 50. Rxg4 1-0

[Event "Bundesliga 9900"]
[Site "Germany"]
[Date "1999.12.11"]
[Round "5"]
[White "Kasimdzhanov, Rustam"]
[Black "Loeffler, Stefan"]
[Result "1-0"]
[WhiteElo "2603"]
[BlackElo "2377"]
[PlyCount "109"]
[EventDate "1999.10.??"]
[Source "ChessBase"]
[SourceDate "2000.01.11"]

1. d4 d5 2. c4 e6 3. Nc3 Bb4 4. e3 c5 5. a3 Bxc3+ 6. bxc3 Nf6 7. Bd3 O-O 8. cxd5 Qxd5 9. Nf3 b6 10. Qe2 cxd4 11. cxd4 Ba6 12. Bxa6 Qa5+ 13. Bd2 Qxa6 14. Qxa6 Nxa6 15. Ke2 Ne4 16. Rhc1 Nxd2 17. Nxd2 Rfc8 18. Ne4 Kf8 19. Nd6 Rd8 20. Nb5 e5 21. dxe5 Rd5 22. Nd6 Rxe5 23. Rc8+ Rxc8 24. Nxc8 Rc5 25. Nxa7 Rc2+ 26. Kf1 Nc5 27. Rd1 Ne4 28. f3 Nd2+ 29. Kg1 g5 30. Nb5 Nc4 31. Rd8+ Ke7 32. Rd3 f5 33. Nd4 Rc1+ 34. Kf2 Kf6 35. Ke2 f4 36. exf4 gxf4 37. Rb3 Ra1 38. Kd3 Nxa3 39. Ke4 Nc4 40. Rb4 Ne3 41. Rxb6+ Kf7 42. Rb7+ Kf6 43. Rb6+ Kf7 44. Rb2 Rg1 45. g4 Ng2 46. Kf5 h6 47. Rb7+ Ke8 48. Ne6 Ne3+ 49. Kxf4 Re1 50. Ng7+ Kf8 51. Nf5 Nxf5 52. Kxf5 Re2 53. h4 Rh2 54. Kf6 Ke8 55. h5 1-0

[Event "Ch (Men) Krakow POL"]
[Site "?"]
[Date "2006.03.03"]
[Round "7.4"]
[White "Gajewski Grzegorz"]
[Black "Heberla Bartolomiej"]
[Result "1-0"]
[WhiteElo "2486"]
[BlackElo "2487"]
[PlyCount "111"]
[EventDate "2006.??.??"]
[Source "www.chesslib.no"]
[SourceDate "2004.05.04"]

1. d4 Nf6 2. c4 e6 3. Nc3 Bb4 4. a3 Bxc3+ 5. bxc3 c5 6. e3 d6 7. Bd3 Nc6 8. Ne2 e5 9. e4 cxd4 10. cxd4 exd4 11. O-O Nd7 12. Bc2 Nde5 13. Nxd4 O-O 14. Bb2 Nxd4 15. Qxd4 f6 16. f4 Nc6 17. Qd5+ Kh8 18. Bc3 Qe7 19. f5 Qc7 20. Rad1 Rd8 21. c5 dxc5 22. Qxc5 Bd7 23. e5 fxe5 24. f6 gxf6 25. Rxf6 Qb6 26. Qxb6 axb6 27. Bb3 Nd4 28. Rxd4 exd4 29. Bxd4 Kg7 30. Rd6+ Kf8 31. Bf6 Ke8 32. Bd1 b5 33. Bh5+ Kf8 34. Bxd8 Rxd8 35. Bg4 Ke7 36. Rxd7+ Rxd7 37. Bxd7 Kxd7 38. Kf2 Kd6 39. g4 Kc5 40. h4 Kd4 41. Kf3 Ke5 42. Ke3 Ke6 43. Ke4 h6 44. g5 hxg5 45. hxg5 b6 46. Kf4 Kf7 47. Kf5 Kg7 48. g6 Kf8 49. Kf6 Kg8 50. g7 b4 51. axb4 b5 52. Ke6 Kxg7 53. Kd6 Kf7 54. Kc6 Ke7 55. Kxb5 Kd7 56. Kb6 1-0

[Event "CCA ChessWise op"]
[Site "Stratton Mountain"]
[Date "1999.06.12"]
[Round "3"]
[White "Miton, Kamil"]
[Black "Goldin, Alexander"]
[Result "1-0"]
[WhiteElo "2383"]
[BlackElo "2585"]
[PlyCount "71"]
[EventDate "1999.06.??"]
[Source "www.chesslib.no"]
[SourceDate "2004.05.04"]

1. d4 Nf6 2. c4 e6 3. Nc3 Bb4 4. a3 Bxc3+ 5. bxc3 c5 6. e3 Nc6 7. Ne2 b6 8. Ng3 O-O 9. e4 Ne8 10. Be3 Qe7 11. Bd3 Ba6 12. Qa4 Nc7 13. O-O f6 14. Bf4 e5 15. Nf5 Qd8 16. Be3 cxd4 17. cxd4 exd4 18. Bf4 Ne5 19. Rad1 Bb7 20. Nxd4 Na6 21. Bb1 Nc5 22. Qb4 Kh8 23. Rfe1 Qc7 24. Be3 Rae8 25. Nb5 Qb8 26. Nd6 Re6 27. Nf5 Qc8 28. f3 Ba6 29. Nd4 Ree8 30. Nb5 Qa8 31. Nd6 Re6 32. f4 Nf7 33. f5 Re7 34. Nxf7+ Rfxf7 35. e5 fxe5 36. Bxc5 1-0

[Event "Bundesliga 2007-8"]
[Site "Bindlach GER"]
[Date "2008.03.08"]
[Round "10"]
[White "Berczes, D."]
[Black "Haba, P."]
[Result "1/2-1/2"]
[WhiteElo "2429"]
[BlackElo "2536"]
[PlyCount "115"]
[EventDate "2008.02.09"]
[Source "www.chesslib.no"]
[SourceDate "2004.05.04"]

1. d4 Nf6 2. c4 e6 3. Nc3 Bb4 4. e3 c5 5. a3 Bxc3+ 6. bxc3 Nc6 7. Bd3 e5 8. Ne2 O-O 9. O-O Re8 10. f3 cxd4 11. cxd4 d5 12. cxd5 Nxd5 13. dxe5 Nxe5 14. Bb5 Nc6 15. Rb1 Qg5 16. e4 Ne3 17. Bxe3 Qxe3+ 18. Kh1 Qxa3 19. Qa4 Qxa4 20. Bxa4 Rd8 21. Rfc1 Na5 22. Rc7 Be6 23. Nf4 Bc4 24. Bd7 Kf8 25. h4 b6 26. e5 Rdb8 27. e6 Rb7 28. Re1 fxe6 29. Rxc4 Rxd7 30. Nxe6+ Kg8 31. Rce4 h6 32. f4 Nb3 33. f5 Nc5 34. Nxc5 bxc5 35. g4 Rd4 36. g5 Rxe4 37. Rxe4 Kf7 38. Rc4 Rc8 39. Kg2 Ke7 40. Kf3 a5 41. Kf4 hxg5+ 42. hxg5 Kd6 43. g6 Kc6 44. f6 Kb5 45. Rc1 gxf6 46. Kf5 a4 47. g7 a3 48. Rb1+ Kc4 49. Rb7 a2 50. Ra7 Kb3 51. Rb7+ Kc3 52. Ra7 Kb2 53. Rb7+ Kc2 54. Ra7 Kb1 55. Rb7+ Ka1 56. Rc7 Rb8 57. Rxc5 Kb2 58. Ra5 1/2-1/2

[Event "RUS-ch sf"]
[Site "Novosibirsk"]
[Date "1998.??.??"]
[Round "?"]
[White "Belozerov, Andrei"]
[Black "Landa, Konstantin"]
[Result "0-1"]
[WhiteElo "2460"]
[BlackElo "2505"]
[PlyCount "56"]
[EventDate "1998.??.??"]
[Source "www.chesslib.no"]
[SourceDate "2004.05.04"]

1. d4 d5 2. c4 e6 3. Nc3 Bb4 4. e3 Nf6 5. a3 Bxc3+ 6. bxc3 c5 7. cxd5 Qxd5 8. Nf3 Nbd7 9. Bd3 b6 10. O-O Bb7 11. Qe2 O-O 12. Bb2 Rac8 13. Rfe1 c4 14. Bc2 Ne4 15. Nh4 Qg5 16. g3 f5 17. Rf1 Rf6 18. f3 Nxg3 19. hxg3 Qxg3+ 20. Ng2 Rh6 21. Bd1 Nf6 22. Bc1 Rf8 23. Ra2 Rh2 24. e4 fxe4 25. fxe4 Qh3 26. Rxf6 Rxf6 27. Bf4 Rxf4 28. Nxf4 Rxe2 0-1

[Event "Budapest HUN"]
[Site "?"]
[Date "2005.08.07"]
[Round "2"]
[White "Lapshun Yury"]
[Black "Berczes David"]
[Result "0-1"]
[WhiteElo "2462"]
[BlackElo "2495"]
[PlyCount "68"]
[EventDate "2005.??.??"]
[Source "www.chesslib.no"]
[SourceDate "2004.05.04"]

1. d4 Nf6 2. c4 e6 3. Nc3 Bb4 4. a3 Bxc3+ 5. bxc3 c5 6. e3 Nc6 7. Bd3 e5 8. Ne2 e4 9. Bb1 b6 10. Ng3 Ba6 11. Nxe4 Nxe4 12. Bxe4 Bxc4 13. dxc5 bxc5 14. f3 Qh4+ 15. g3 Qf6 16. Kf2 d5 17. Bxd5 Bxd5 18. Qxd5 O-O 19. Kg2 Rfd8 20. Qc4 Qxf3+ 21. Kxf3 Ne5+ 22. Ke2 Nxc4 23. Rd1 Rxd1 24. Kxd1 Rb8 25. Kc2 f5 26. a4 Kf7 27. Kd3 Ne5+ 28. Ke2 Ke6 29. Ba3 Nc4 30. Bc1 a5 31. Ra2 Kd5 32. Kd3 Ne5+ 33. Ke2 Ke4 34. Rd2 Rb1 0-1

[Event "Zalakaros Open rap"]
[Site "Zalakaros"]
[Date "1992.??.??"]
[Round "3"]
[White "Karsa, Laszlo"]
[Black "Adorjan, Andras"]
[Result "0-1"]
[WhiteElo "2405"]
[BlackElo "2550"]
[PlyCount "62"]
[EventDate "1992.??.??"]
[Source "www.chesslib.no"]
[SourceDate "2004.05.04"]

1. d4 Nf6 2. c4 e6 3. Nc3 Bb4 4. e3 c5 5. a3 Bxc3+ 6. bxc3 b6 7. Bd3 Bb7 8. f3 O-O 9. Nh3 Nc6 10. O-O Ba6 11. e4 Ne8 12. e5 d5 13. exd6 cxd4 14. Ng5 Nf6 15. Qa4 Na5 16. cxd4 Rc8 17. d7 Rc7 18. Bf4 Qxd7 19. Qxd7 Rxd7 20. Be5 Bxc4 21. Bxc4 Nxc4 22. Rfc1 h6 23. Bxf6 hxg5 24. Bxg7 Kxg7 25. Rxc4 Rfd8 26. Ra4 Rc8 27. Rb1 Rc2 28. Rab4 Kg6 29. Re1 Ra2 30. Re3 Rc7 31. d5 Rc1+ 0-1